LIBRARY & INFORMATION CENTRE, KCAET, TAVANUR

ONLINE PUBLIC ACCESS CATALOGUE (OPAC)

Psychology of interpersonal Relations / (Record no. 3178)

MARC details
000 -LEADER
fixed length control field 00300cam a2200121ua 4500
082 ## - DEWEY DECIMAL CLASSIFICATION NUMBER
Classification number 303.482
Item number HEI/PS
100 ## - MAIN ENTRY--AUTHOR NAME
Personal name Heider, Fritz .
245 ## - TITLE STATEMENT
Title Psychology of interpersonal Relations /
250 ## - EDITION STATEMENT
Edition statement 1 /
260 ## - PUBLICATION, DISTRIBUTION, ETC. (IMPRINT)
Place of publication London :
Name of publisher John Wiley & Sons ,
Year of publication 1959.
300 ## - PHYSICAL DESCRIPTION
Number of Pages 322 ; .
942 ## - ADDED ENTRY ELEMENTS (KOHA)
Koha item type Books
Holdings
Withdrawn status Lost status Damaged status Home library Current library Date acquired Full call number Accession Number Koha item type
Withdrawn     KAUAET Sanskrit University 07/04/2012 303.482 611 Books
free website counter